000 00567nam a2200193Ia 4500
008 140626s9999 xx 000 0 und d
100 _aJavdani, S.
245 _aSuicidality as a function of impulsivity, callous-unemotional traits and depressive symptoms in youth /
_cS. Javdani ... [et al.].
260 _cc2011.
300 _a120 : 2, page 400
440 _aJournal of Abnormal Psychology
521 _aPSYCH
650 _aAdolescence.
650 _aExternalizing.
650 _aGender.
650 _aPsychopathy.
650 _aSuicide.
942 _cSE
999 _c121292
_d121292